許妳一個晴天

資料類型: Book 圖書   書目號:50966

Leader xxxxxxxxxx
001 __ 102452/8/01
005 __ 20170410105848.806
010 0_ |a978-986-93420-8-7|b平裝|d新臺幣260元
042 __ |anbic
100 __ |a20170410d2016    m  y0chiy50      e
101 0_ |achi
102 __ |atw
105 __ |ay   z   000ay
200 1_ |a許妳一個晴天|dSunny day|f琉影著
205 __ |a初版
210 __ |a臺北市|c城邦原創出版|a[新北市樹林區]|c高見文化經銷|d2016[民105]
215 0_ |a343面|d21公分
225 12 |a戀小說|v67
510 1_ |aSunny day|zeng
700 _0 |a琉影|4681 __ |a857.7|b857
801 _0 |atw|bLibDipper|c20170410|gCCR
詳細館藏(共 1 筆)
索 書 號登 錄 號冊次號館別 / 館藏地流通類型狀態加入預約清單電子資源
857.7 / 857 1024528  圖書館 / 一樓普通區 可外借30天 在館   

| 條列資料




目錄查詢 分類查詢 個人資料 圖書薦購 新書查詢 閉館日 排行榜 更多電子資源 Hami書城 線上資料庫 登出

From : 216.73.217.87

  本日流通累計至 17:12:46 借閱 : 13 次 續借 : 0 次 歸還 : 10 次 預約 : 0 次 電子資源 : 0 次


內湖高中圖書館  PCLIS 版本  26.5.0.12